000 00460nam a2200169 4500
001 VA18447
003 ES-SlBCS
005 20210601154743.0
008 140520s1949 xxu||||| |||| 00| 0 spa d
041 _aspa
100 1 _aViñayo, Cándido de
_9327347
245 1 0 _aEl libro de las parábolas
_b:Comentario evangélico
_cCándido de Viñayo
260 _aMadrid :
_bStudium
_c, 1949
300 _a277 p.;
_c20 cm
650 _aParábolas
_993034
942 _cBK
999 _c809107
_d809107